[Event "LGA Premium Cup"]
[Site "schach.lga.de"]
[Date "2004.09.12"]
[Round "4"]
[White "GM Prusikin, Michael"]
[Black "Kordts, Wolfgang"]
[Result "1-0"]
[WhiteElo "2517"]
[BlackElo "2266"]
[PlyCount "83"]
[EventDate "2004.09.12"]
[SourceDate "2004.09.21"]

1. Nf3 c5 2. g3 Nc6 3. Bg2 g6 4. O-O Bg7 5. d3 e5 6. c4 Nge7 7. Nc3 d6 8. Rb1
O-O 9. a3 a5 10. Bd2 h6 11. Ne1 Be6 12. Nd5 Rb8 13. b4 axb4 14. axb4 b5 15.
bxc5 bxc4 16. Rxb8 Qxb8 17. dxc4 dxc5 18. Nd3 Rd8 19. e4 Qa7 20. Qa1 Qxa1 21.
Rxa1 Bxd5 22. cxd5 c4 23. Nb2 Nd4 24. Nxc4 Nb3 25. Rb1 Nxd2 26. Nxd2 Kf8 27.
Nc4 Ke8 28. Bh3 f5 29. f3 Ng8 30. Rb6 fxe4 31. fxe4 Nf6 32. Nxe5 Nxe4 33. Re6+
Kf8 34. Nxg6+ Kf7 35. Ne5+ Kf8 36. Bf5 Ng5 37. Ng6+ Kg8 38. Re2 Bd4+ 39. Kg2
Bf6 40. h4 Nf7 41. Be6 Kg7 42. Nf4 1-0

[Event "LGA Premium Cup"]
[Site "schach.lga.de"]
[Date "2004.09.12"]
[Round "4"]
[White "FM Seyb, Dieter"]
[Black "IM Dobosz, Henryk"]
[Result "1/2-1/2"]
[WhiteElo "2285"]
[BlackElo "2453"]
[PlyCount "127"]
[EventDate "2004.09.12"]
[SourceDate "2004.09.21"]

1. e4 e5 2. Nf3 d6 3. d4 Nf6 4. Nc3 Nbd7 5. Bc4 Be7 6. O-O O-O 7. Qe2 c6 8. a4
Qc7 9. a5 Rb8 10. h3 b5 11. axb6 axb6 12. d5 b5 13. Bb3 Nc5 14. dxc6 Nxb3 15.
cxb3 Qxc6 16. Bg5 h6 17. Bxf6 Bxf6 18. Nd5 Bd8 19. Rfd1 Be6 20. Qd2 Re8 21. Qb4
Bb6 22. Nxb6 Rxb6 23. Rdc1 Qb7 24. Rc3 d5 25. Nxe5 dxe4 26. Rac1 h5 27. Qd4 Ra6
28. Ng6 Bxb3 29. Rc7 Qb6 30. Qd7 Qe6 31. Ne7+ Kf8 32. Qxb5 g6 33. Nc6 e3 34.
Qc5+ Kg7 35. fxe3 Qxe3+ 36. Qxe3 Rxe3 37. Nd4 Bd5 38. Rd7 Ba8 39. Kf2 Re4 40.
Rcc7 Rf6+ 41. Nf3 Rb4 42. Rd2 Bxf3 43. gxf3 Rfb6 44. Rcc2 h4 45. Ke1 Rb3 46.
Kf2 R6b4 47. Kg2 Rb5 48. Kf2 Kf6 49. Re2 Kg5 50. Kg2 R5b4 51. Rf2 Rb5 52. Rfe2
R3b4 53. Kf2 Kf4 54. Re7 f5 55. Ree2 Rd5 56. Kg2 Rd3 57. Rf2 Rd1 58. Rc6 Rb1
59. Rcc2 Ra4 60. Rfe2 Raa1 61. Rc4+ Kg5 62. f4+ Kh6 63. Rc6 Rg1+ 64. Kf3
1/2-1/2

[Event "LGA Premium Cup"]
[Site "schach.lga.de"]
[Date "2004.09.12"]
[Round "4"]
[White "Koch, Moritz"]
[Black "FM Zesch, Ludwig"]
[Result "1-0"]
[WhiteElo "2244"]
[BlackElo "2308"]
[PlyCount "47"]
[EventDate "2004.09.12"]
[SourceDate "2004.09.21"]

1. e4 c5 2. Nc3 e6 3. g3 d5 4. exd5 exd5 5. Bg2 d4 6. Nd5 Bd6 7. Ne2 Ne7 8.
Nef4 O-O 9. O-O Nec6 10. d3 Ne5 11. h3 Nbc6 12. a3 a5 13. Re1 a4 14. Bd2 Rb8
15. Nh5 Ng6 16. Qc1 Be6 17. Bg5 Be7 18. Nxe7+ Ncxe7 19. g4 Re8 20. Bf6 Bd5 21.
Bxd5 Qxd5 22. Bxg7 Qf3 23. Qh6 f5 24. Bxd4 1-0

[Event "LGA Premium Cup"]
[Site "schach.lga.de"]
[Date "2004.09.12"]
[Round "4"]
[White "Rosenberger, Frank"]
[Black "Stadler, Simon"]
[Result "0-1"]
[WhiteElo "2139"]
[BlackElo "2179"]
[PlyCount "120"]
[EventDate "2004.09.12"]
[SourceDate "2004.09.21"]

1. e4 c5 2. Nf3 e6 3. Nc3 d6 4. d4 cxd4 5. Nxd4 Nf6 6. Be2 Be7 7. O-O O-O 8. f4
a6 9. a4 Qc7 10. Kh1 Nc6 11. Be3 Bd7 12. Nb3 b6 13. Bf3 Rab8 14. Qe2 Bc8 15. g4
Bb7 16. g5 Nd7 17. Bg2 Nb4 18. Rad1 Rfe8 19. Rd2 Bf8 20. Qf2 Rbc8 21. Rfd1 Qb8
22. Nb1 Rc4 23. Na3 Rxe4 24. c3 Rxe3 25. Qxe3 Bxg2+ 26. Rxg2 Nc6 27. Qf3 Qc7
28. Nc2 d5 29. Ne3 Nc5 30. Nxc5 bxc5 31. Ng4 Ne7 32. Rdg1 Ng6 33. Rf2 c4 34.
Rgf1 Bc5 35. Re2 Bd6 36. Ne5 Bxe5 37. fxe5 Re7 38. Qg3 Qc6 39. a5 Rb7 40. h4
Ne7 41. Kh2 Nf5 42. Qf2 Qc7 43. Ra1 g6 44. Kh3 Kg7 45. Kg4 h5+ 46. gxh6+ Nxh6+
47. Kh3 Nf5 48. Qf4 Rb8 49. Rh1 Rh8 50. h5 Rxh5+ 51. Kg2 Rxh1 52. Kxh1 Qxa5 53.
Qg5 Qa1+ 54. Kg2 Qd1 55. Qf6+ Kg8 56. Rf2 Qg4+ 57. Kh1 Qe4+ 58. Kh2 Qe3 59. Kg1
Qg3+ 60. Kf1 Qd3+ 0-1

[Event "LGA Premium Cup"]
[Site "schach.lga.de"]
[Date "2004.09.12"]
[Round "4"]
[White "FM Hirn, Oskar"]
[Black "Vogiatzis, Dimitrios"]
[Result "1-0"]
[WhiteElo "2202"]
[BlackElo "2065"]
[PlyCount "77"]
[EventDate "2004.09.12"]
[SourceDate "2004.09.22"]

1. d4 f5 2. c4 g6 3. g3 Bg7 4. Bg2 d6 5. Nc3 Nc6 6. Nf3 Nh6 7. d5 Ne5 8. Nxe5
dxe5 9. O-O O-O 10. e4 f4 11. f3 g5 12. g4 b6 13. Rf2 Nf7 14. a3 Nd6 15. Bf1 a5
16. Rb1 Ba6 17. c5 Nb7 18. Bxa6 Rxa6 19. Qf1 Ra8 20. b4 axb4 21. axb4 Qe8 22.
Nb5 Qc8 23. Qc4 Kh8 24. Rc2 bxc5 25. bxc5 Na5 26. Qb4 c6 27. Nc3 cxd5 28. exd5
h6 29. h3 Qa6 30. c6 Rab8 31. Qxb8 Rxb8 32. Rxb8+ Kh7 33. Nb5 Nxc6 34. dxc6 Qa5
35. Rc3 e4 36. c7 Bxc3 37. c8=Q Bd4+ 38. Kf1 Qa2 39. Nxd4 1-0

[Event "LGA Premium Cup"]
[Site "schach.lga.de"]
[Date "2004.09.12"]
[Round "4"]
[White "Schneider, David"]
[Black "Schlötterer, Hermann"]
[Result "1/2-1/2"]
[WhiteElo "2092"]
[BlackElo "2049"]
[PlyCount "71"]
[EventDate "2004.09.12"]
[SourceDate "2004.09.22"]

1. e4 c5 2. Nf3 d6 3. c3 Nf6 4. Bd3 Qc7 5. Bc2 e6 6. O-O Be7 7. d4 e5 8. Re1
Bg4 9. d5 O-O 10. Nbd2 Na6 11. Nc4 b5 12. Ne3 Bd7 13. b3 Rfe8 14. h3 c4 15. b4
Qb7 16. a4 Nc7 17. axb5 Nxb5 18. Bb2 Rac8 19. Nd2 Nd4 20. Ndxc4 Nxc2 21. Qxc2
Rc7 22. f3 Rec8 23. Qb3 Nh5 24. Nd2 Nf4 25. c4 Bh4 26. Rf1 Ne2+ 27. Kh2 Bg3+
28. Kh1 Bf4 29. Rfe1 Ng3+ 30. Kg1 Qb6 31. Rac1 a5 32. b5 Bxb5 33. cxb5 Rxc1 34.
Bxc1 Rxc1 35. Rxc1 Ne2+ 36. Kh1 1/2-1/2

[Event "LGA Premium Cup"]
[Site "schach.lga.de"]
[Date "2004.09.12"]
[Round "4"]
[White "Trapp, Robert"]
[Black "Bildt, Thomas"]
[Result "0-1"]
[WhiteElo "2006"]
[BlackElo "2086"]
[PlyCount "79"]
[EventDate "2004.09.12"]
[SourceDate "2004.09.22"]

1. f4 Nc6 2. Nf3 d6 3. e4 e5 4. Bc4 exf4 5. d4 g5 6. h4 Bg4 7. c3 Qe7 8. hxg5
Qxe4+ 9. Qe2 f5 10. Bxf4 Nge7 11. Bg3 d5 12. Bd3 Qxe2+ 13. Bxe2 O-O-O 14. Ne5
Nxe5 15. Bxe5 Rg8 16. Bxg4 fxg4 17. Bf6 Re8 18. Rxh7 Nf5+ 19. Kd2 Bd6 20. Na3
Bf4+ 21. Kd3 Re3+ 22. Kc2 Bxg5 23. Be5 Re2+ 24. Kb3 Nd6 25. g3 Rf8 26. Rg7 Bf6
27. Rxg4 Bxe5 28. dxe5 Rxe5 29. Nc2 Nc4 30. Re1 Rxe1 31. Nxe1 Rf2 32. Nd3 Rf3
33. Rg5 c6 34. Nc5 Ne3 35. Rg8+ Kc7 36. Rg7+ Kb6 37. Na4+ Ka6 38. Kb4 Rf2 39.
Nc5+ Kb6 40. Rxb7# 0-1

[Event "LGA Premium Cup"]
[Site "schach.lga.de"]
[Date "2004.09.12"]
[Round "4"]
[White "FM Heimrath, Rainer"]
[Black "Süß, Stefan"]
[Result "1-0"]
[WhiteElo "2293"]
[BlackElo "2041"]
[PlyCount "57"]
[EventDate "2004.09.12"]
[SourceDate "2004.09.22"]

1. d4 Nf6 2. Nf3 g6 3. Nbd2 d5 4. e3 Bg7 5. b3 O-O 6. Bb2 c6 7. Bd3 Nbd7 8. h3
b6 9. Nh2 Re8 10. f4 Bb7 11. O-O c5 12. Qf3 Ne4 13. Nxe4 dxe4 14. Bxe4 Bxe4 15.
Qxe4 Nf6 16. Qd3 Qd5 17. c4 Qe4 18. Rad1 Qxd3 19. Rxd3 Ne4 20. Rfd1 Rad8 21.
Nf3 Rd6 22. Nd2 Nxd2 23. R1xd2 Red8 24. Kf2 e5 25. Ke2 R6d7 26. dxc5 Rxd3 27.
Rxd3 Rxd3 28. Kxd3 bxc5 29. Ba3 1-0

[Event "LGA Premium Cup"]
[Site "schach.lga.de"]
[Date "2004.09.12"]
[Round "4"]
[White "Wagner, Florian"]
[Black "FM Eppinger, Georg"]
[Result "0-1"]
[WhiteElo "2000"]
[BlackElo "2290"]
[PlyCount "72"]
[EventDate "2004.09.12"]
[SourceDate "2004.09.22"]

1. e4 c5 2. Nc3 Nc6 3. g3 g6 4. Bg2 Bg7 5. d3 d6 6. f4 e5 7. Nh3 Nge7 8. O-O
Nd4 9. f5 gxf5 10. Bg5 f6 11. Qh5+ Kd7 12. exf5 Qe8 13. Qd1 Kc7 14. Ne4 Qf7 15.
Bd2 Bxf5 16. b4 b6 17. bxc5 dxc5 18. c3 Ndc6 19. Qa4 Qe6 20. Nhf2 h5 21. d4 c4
22. dxe5 Nxe5 23. Bf4 N7c6 24. Rab1 Bh6 25. Nxf6 Qxf6 26. Qxc6+ Qxc6 27. Bxe5+
Kb7 28. Bxc6+ Kxc6 29. Bxh8 Bxb1 30. Rxb1 Rxh8 31. Rd1 Re8 32. Rd4 b5 33. Re4
Rxe4 34. Nxe4 Kd5 35. Nf6+ Ke5 36. Nxh5 b4 0-1

[Event "LGA Premium Cup"]
[Site "schach.lga.de"]
[Date "2004.09.12"]
[Round "4"]
[White "Brem, Stephan"]
[Black "Horstmann, Uwe"]
[Result "1-0"]
[WhiteElo "2158"]
[BlackElo "2006"]
[PlyCount "139"]
[EventDate "2004.09.12"]
[SourceDate "2004.09.25"]

1. Nc3 c5 2. e4 Nc6 3. f4 e6 4. g3 g6 5. Bg2 Bg7 6. Nf3 Nge7 7. O-O O-O 8. d3
Rb8 9. Be3 d6 10. d4 d5 11. exd5 Nf5 12. Bf2 cxd4 13. Ne2 d3 14. Qxd3 exd5 15.
c3 b5 16. Rfd1 Nfe7 17. Nfd4 Nxd4 18. Bxd4 Bf5 19. Qd2 Bxd4+ 20. Qxd4 Qc7 21.
Rd2 Be6 22. Rad1 a5 23. Bf3 h5 24. Qf6 Bg4 25. Bxg4 hxg4 26. Nd4 Rb6 27. Qh4
Qd7 28. h3 Kg7 29. Qxg4 Qxg4 30. hxg4 b4 31. cxb4 Rxb4 32. Re1 Ng8 33. g5 Rc8
34. Re5 Rbc4 35. Rxd5 Rc1+ 36. Kf2 a4 37. Rd7 Kf8 38. Ra7 R1c4 39. Nf3 Ne7 40.
Ne5 Rc2 41. Ke3 Nf5+ 42. Kd3 R2c7 43. Rxa4 Nxg3 44. Rd4 Ke8 45. Nc4 Nf5 46.
Nd6+ Nxd6 47. Rxd6 Ke7 48. Rd4 Ke6 49. Ke4 Ra8 50. a3 Rb7 51. Rd6+ Ke7 52. R6d3
Rab8 53. b4 Ra8 54. Rb2 Rba7 55. Ra2 Ra4 56. Kd5 Rc8 57. Re2+ Kd7 58. Rde3 Rd8
59. Kc5 Kc8 60. Kb5 Ra7 61. Re8 Rad7 62. Rxd8+ Kxd8 63. Re4 Rd5+ 64. Kb6 Rf5
65. a4 f6 66. a5 fxg5 67. fxg5 Rf1 68. a6 Ra1 69. Kb7 Rc1 70. Rd4+ 1-0

[Event "LGA Premium Cup"]
[Site "schach.lga.de"]
[Date "2004.09.12"]
[Round "4"]
[White "Steppuhn, Thomas"]
[Black "Seyb, Alexander"]
[Result "1-0"]
[WhiteElo "2151"]
[BlackElo "1973"]
[PlyCount "73"]
[EventDate "2004.09.12"]
[SourceDate "2004.09.25"]

1. d4 g6 2. Nf3 Bg7 3. e3 d6 4. b3 Nf6 5. Bb2 O-O 6. Bd3 c6 7. Nbd2 a6 8. O-O
b5 9. Qe2 Bb7 10. c4 Nbd7 11. e4 e5 12. dxe5 Ng4 13. Rab1 Ngxe5 14. Nxe5 dxe5
15. Rfd1 Qe7 16. Nf1 Rfd8 17. Ne3 Nf8 18. Nc2 Ne6 19. g3 h5 20. Ba3 Qf6 21. h4
Bf8 22. Bxf8 Kxf8 23. Qe3 Nd4 24. f4 Nxc2 25. Bxc2 exf4 26. Qxf4 Qe7 27. e5 Kg7
28. Rd6 Re8 29. Rf1 Bc8 30. Rf6 Be6 31. Qg5 Qc5+ 32. Kh2 Re7 33. Bxg6 fxg6 34.
Rxg6+ Kh8 35. Rh6+ Rh7 36. Qf6+ Kg8 37. Rg6+ 1-0

[Event "LGA Premium Cup"]
[Site "schach.lga.de"]
[Date "2004.09.12"]
[Round "4"]
[White "Lowitz, Torsten"]
[Black "Lodes, Hermann"]
[Result "1-0"]
[WhiteElo "2134"]
[BlackElo "2079"]
[PlyCount "75"]
[EventDate "2004.09.12"]
[SourceDate "2004.09.25"]

1. e4 d5 2. exd5 Qxd5 3. Nc3 Qa5 4. d4 c6 5. Bc4 Nf6 6. Qe2 Bf5 7. Bd2 e6 8. d5
cxd5 9. Nxd5 Qd8 10. Nxf6+ Qxf6 11. Bc3 Qh4 12. O-O-O Be7 13. g3 Qg5+ 14. f4
Qg6 15. Nf3 Nc6 16. Bb5 Bg4 17. h3 Bxf3 18. Qxf3 Rc8 19. g4 e5 20. Bxe5 O-O 21.
Bc3 Nb4 22. Kb1 Qxc2+ 23. Ka1 a6 24. Rd2 Qg6 25. Ba4 b5 26. Bb3 Qc6 27. Qd1 Qb6
28. f5 Rxc3 29. bxc3 Bf6 30. Kb1 Bxc3 31. Rd7 h6 32. Rxf7 Rxf7 33. Qd7 Qf6 34.
Qe8+ Kh7 35. Bxf7 h5 36. Rg1 Bd2 37. Qg8+ Kh6 38. g5+ 1-0

[Event "LGA Premium Cup"]
[Site "schach.lga.de"]
[Date "2004.09.12"]
[Round "4"]
[White "Weiß, Michael"]
[Black "Sippl, Martin"]
[Result "1/2-1/2"]
[WhiteElo "1935"]
[BlackElo "2098"]
[PlyCount "63"]
[EventDate "2004.09.12"]
[SourceDate "2004.09.25"]

1. d4 Nf6 2. Nf3 d6 3. c4 g6 4. Nc3 Bg7 5. g3 O-O 6. Bg2 Nbd7 7. O-O e5 8. e4
Re8 9. Re1 c6 10. h3 h6 11. Be3 Qc7 12. Qc2 g5 13. Rad1 Bf8 14. a3 Kg7 15. b4
exd4 16. Nxd4 Ne5 17. Qb3 Bd7 18. Kh2 g4 19. h4 Qc8 20. Re2 Be6 21. Nxe6+ Qxe6
22. Rd4 Nf3+ 23. Bxf3 gxf3 24. Re1 Ng4+ 25. Kg1 Ne5 26. Kh2 Ng4+ 27. Kg1 Ne5
28. Kh2 Be7 29. Qd1 Ng4+ 30. Kg1 Ne5 31. Kh2 Ng4+ 32. Kg1 1/2-1/2

[Event "LGA Premium Cup"]
[Site "schach.lga.de"]
[Date "2004.09.12"]
[Round "4"]
[White "Seidel, Michael"]
[Black "Reiser, Wolfgang"]
[Result "1/2-1/2"]
[WhiteElo "2085"]
[BlackElo "2061"]
[PlyCount "109"]
[EventDate "2004.09.12"]
[SourceDate "2004.09.25"]

1. e4 e5 2. Bc4 Nc6 3. Nf3 Nf6 4. d3 Be7 5. O-O O-O 6. Re1 d6 7. c3 h6 8. Nbd2
Nh7 9. Nf1 Ng5 10. Nxg5 Bxg5 11. Qh5 Bxc1 12. Raxc1 Be6 13. Bxe6 fxe6 14. Re3
Qe7 15. Rg3 Qf7 16. Qe2 Rae8 17. Ne3 Kh7 18. Rf1 Ne7 19. d4 exd4 20. cxd4 e5
21. dxe5 dxe5 22. Qb5 Qxa2 23. Qxb7 Qa5 24. Qb3 Nc6 25. Qd1 Nd4 26. Qh5 Qa6 27.
Re1 g6 28. Qg4 Rf7 29. Nd5 h5 30. Qd1 Rd8 31. Ra3 Qb5 32. Rxa7 Qxb2 33. f3 Kg8
34. Qb1 Qxb1 35. Rxb1 Rc8 36. Rbb7 Ne6 37. Kf2 Kf8 38. h4 Ke8 39. Ke3 Kd8 40.
Ra5 Ke8 41. g3 Nd4 42. Nxc7+ Kf8 43. Raa7 Rxf3+ 44. Kd2 Rxg3 45. Rb6 Kg8 46.
Rab7 Rf8 47. Rb8 Rxb8 48. Rxb8+ Kf7 49. Nd5 Nf3+ 50. Ke2 Nxh4 51. Rb7+ Ke6 52.
Rb6+ Kd7 53. Nf6+ Ke7 54. Nd5+ Kd7 55. Rb7+ 1/2-1/2

[Event "LGA Premium Cup"]
[Site "schach.lga.de"]
[Date "2004.09.12"]
[Round "4"]
[White "Trapp, Maximilian"]
[Black "Birkmann, Günther"]
[Result "1/2-1/2"]
[WhiteElo "1815"]
[BlackElo "2070"]
[PlyCount "24"]
[EventDate "2004.09.12"]
[SourceDate "2004.09.25"]

1. f4 Nf6 2. Nf3 d5 3. e3 g6 4. d4 Bg7 5. Bd3 Bf5 6. O-O e6 7. c3 Nbd7 8. Qc2
Bxd3 9. Qxd3 Ne4 10. Nbd2 Ndf6 11. b3 Bf8 12. Ne5 c6 1/2-1/2

[Event "LGA Premium Cup"]
[Site "schach.lga.de"]
[Date "2004.09.12"]
[Round "4"]
[White "Pühn, Georg"]
[Black "Corral, Carlos"]
[Result "1/2-1/2"]
[WhiteElo "2066"]
[BlackElo "1842"]
[PlyCount "30"]
[EventDate "2004.09.12"]
[SourceDate "2004.09.25"]

1. e4 c5 2. d3 Nc6 3. g3 g6 4. Bg2 Bg7 5. Nf3 d6 6. O-O Rb8 7. a3 a6 8. c3 e5
9. Be3 Nf6 10. h3 O-O 11. Nbd2 Qe7 12. a4 d5 13. Ng5 Be6 14. d4 cxd4 15. cxd4
Qd6 1/2-1/2

[Event "LGA Premium Cup"]
[Site "schach.lga.de"]
[Date "2004.09.12"]
[Round "4"]
[White "Vogiatzis, Joannis"]
[Black "Weiß, Michael"]
[Result "0-1"]
[WhiteElo "2054"]
[BlackElo "1935"]
[PlyCount "91"]
[EventDate "2004.09.12"]
[SourceDate "2004.09.25"]

1. b3 Nf6 2. Bb2 g6 3. Nf3 Bg7 4. e3 O-O 5. c4 d6 6. Be2 Nbd7 7. Qc2 c6 8. d3
e5 9. Nbd2 Ne8 10. O-O f5 11. Rac1 g5 12. Rfd1 g4 13. Ne1 Qg5 14. Nf1 Ndf6 15.
c5 f4 16. exf4 exf4 17. d4 d5 18. Bd3 Be6 19. Rb1 h5 20. b4 Nc7 21. a4 h4 22.
Bc1 Nh5 23. Rb3 Kh8 24. Qb2 Qf6 25. Bb1 Bf5 26. Bxf5 Qxf5 27. Qc2 Qf7 28. f3 g3
29. h3 a6 30. Bb2 Rae8 31. Nd3 Re6 32. Ne5 Bxe5 33. dxe5 Ng7 34. Qd3 Nf5 35. b5
axb5 36. axb5 Nxb5 37. Rxb5 cxb5 38. Qxd5 Qe7 39. Rc1 Rd8 40. Qe4 Qf7 41. Qxf4
Kh7 42. Qe4 Kg8 43. Ne3 Nxe3 44. Qxe3 Qf5 45. Qb3 Rd2 46. Qxb5 0-1

[Event "LGA Premium Cup"]
[Site "schach.lga.de"]
[Date "2004.09.12"]
[Round "4"]
[White "Reuschl, Stefan"]
[Black "Röber, Jürgen"]
[Result "0-1"]
[WhiteElo "1695"]
[BlackElo "2047"]
[PlyCount "48"]
[EventDate "2004.09.12"]
[SourceDate "2004.09.25"]

1. e4 c5 2. Nf3 Nc6 3. d4 cxd4 4. Nxd4 g6 5. Nc3 Bg7 6. Be3 Nf6 7. f3 O-O 8.
Qd2 d5 9. O-O-O dxe4 10. Nxc6 Qxd2+ 11. Rxd2 bxc6 12. Nxe4 Nxe4 13. fxe4 Be6
14. Ba6 Rab8 15. c4 Rfd8 16. Rhd1 Bxb2+ 17. Kc2 Rxd2+ 18. Rxd2 Be5 19. g3 Kf8
20. Bc5 Ke8 21. Kd3 Bc7 22. a3 Bd6 23. Bxd6 exd6 24. Kc3 Rb6 0-1

[Event "LGA Premium Cup"]
[Site "schach.lga.de"]
[Date "2004.09.12"]
[Round "4"]
[White "Sha, Siyu"]
[Black "Monninger, Moritz"]
[Result "0-1"]
[WhiteElo "1279"]
[BlackElo "2046"]
[PlyCount "24"]
[EventDate "2004.09.12"]
[SourceDate "2004.09.25"]

1. e4 Nf6 2. Nc3 d5 3. e5 Nfd7 4. d4 c5 5. Nf3 e6 6. Ne2 cxd4 7. Nexd4 Nc6 8.
Nxc6 bxc6 9. g3 Bc5 10. Bg2 Ba6 11. b3 Qa5+ 12. Qd2 Bb4 0-1

[Event "LGA Premium Cup"]
[Site "schach.lga.de"]
[Date "2004.09.12"]
[Round "4"]
[White "Thürauf, Peter"]
[Black "Zier, Verena"]
[Result "1-0"]
[WhiteElo "1999"]
[BlackElo "1572"]
[PlyCount "79"]
[EventDate "2004.09.12"]
[SourceDate "2004.09.25"]

1. d4 d5 2. Nf3 Nf6 3. c4 e6 4. Nc3 Be7 5. Bg5 h6 6. Bh4 O-O 7. e3 b6 8. Bxf6
Bxf6 9. cxd5 exd5 10. Be2 Be6 11. Rc1 c5 12. O-O Qd6 13. Qb3 Rd8 14. Rfd1 Nc6
15. Qa3 cxd4 16. Qxd6 Rxd6 17. Nb5 Rad8 18. exd4 Ne7 19. Nxd6 Rxd6 20. h3 g6
21. Rc7 Rd7 22. Rxd7 Bxd7 23. Kf1 Nf5 24. Bd3 Be6 25. Bxf5 Bxf5 26. Ne5 Kf8 27.
Rc1 Be6 28. Rc7 a5 29. Rb7 Bxe5 30. dxe5 d4 31. b3 a4 32. Rxb6 axb3 33. axb3 h5
34. Ke2 Bf5 35. f3 Ke7 36. g4 hxg4 37. hxg4 Bb1 38. Kd2 d3 39. b4 Kd7 40. f4
1-0

[Event "LGA Premium Cup"]
[Site "schach.lga.de"]
[Date "2004.09.12"]
[Round "4"]
[White "Sarec, Ivica"]
[Black "Zeitler, Hans-Jürgen"]
[Result "0-1"]
[WhiteElo "2038"]
[BlackElo "1870"]
[PlyCount "108"]
[EventDate "2004.09.12"]
[SourceDate "2004.09.25"]

1. c4 f5 2. Nc3 Nf6 3. Nf3 g6 4. d3 Bg7 5. e4 d6 6. Be2 O-O 7. O-O Nc6 8. Rb1
a5 9. a3 h6 10. Nh4 Kh7 11. exf5 Bxf5 12. Nxf5 gxf5 13. d4 e5 14. Nb5 Nxd4 15.
Nxd4 exd4 16. Qxd4 Ne4 17. Qd3 Qf6 18. Be3 Kh8 19. Rfd1 Rae8 20. Bh5 Re5 21.
Bf3 Qg6 22. b4 axb4 23. axb4 Re7 24. Bd4 b6 25. Re1 Rfe8 26. Kf1 Kh7 27. h4 Qe6
28. Bh5 Qxc4 29. Qxc4 Nd2+ 30. Kg1 Rxe1+ 31. Qf1 Rxf1+ 32. Rxf1 Re4 33. Bxg7
Nxf1 34. Bc3 Rxh4 35. Be2 Nh2 36. f3 Nxf3+ 37. gxf3 Kg6 38. Kg2 c5 39. bxc5
dxc5 40. Bb5 Rh5 41. Be8+ Kg5 42. Bd2+ f4 43. Bxh5 Kxh5 44. Bxf4 b5 45. Kf2 Kg6
46. Ke3 h5 47. Ke4 h4 48. Bh2 b4 49. f4 b3 50. f5+ Kg5 51. Bf4+ Kg4 52. Be5 h3
53. f6 h2 54. Bxh2 b2 0-1

[Event "LGA Premium Cup"]
[Site "schach.lga.de"]
[Date "2004.09.12"]
[Round "4"]
[White "Yin, Zixiao"]
[Black "Luther, Helmut"]
[Result "0-1"]
[WhiteElo "1683"]
[BlackElo "1999"]
[PlyCount "122"]
[EventDate "2004.09.12"]
[SourceDate "2004.09.25"]

1. b4 e5 2. c4 d6 3. Bb2 f5 4. e3 Nf6 5. Be2 Be7 6. d4 Nbd7 7. Qc2 e4 8. Nh3
Nf8 9. Nc3 Ng6 10. O-O-O O-O 11. Nf4 Nxf4 12. exf4 a5 13. b5 c6 14. a4 d5 15.
c5 cxb5 16. Bxb5 Bd7 17. Ba3 Kh8 18. Qb3 Be6 19. Rhe1 Qc7 20. g3 b6 21. c6
Bxa3+ 22. Qxa3 Ng4 23. f3 Nxh2 24. fxe4 fxe4 25. Nxe4 dxe4 26. d5 Bf5 27. d6
Qc8 28. Rh1 Ng4 29. Rh5 Nf6 30. Rh2 Rd8 31. Kb2 Ra7 32. Qe3 Qb8 33. c7 Rxc7 34.
dxc7 Qxc7 35. Rxd8+ Qxd8 36. Rd2 Qf8 37. Qd4 h6 38. Qd8 Qxd8 39. Rxd8+ Kh7 40.
Rd6 Nh5 41. Rxb6 Nxg3 42. Bc4 h5 43. Kc3 h4 44. Rb1 h3 45. Bf1 e3 46. Bxh3 Bxb1
47. Bg4 Kg6 48. Bd7 Kh5 49. Bb5 Kg4 50. Kb2 Bf5 51. Kb3 Kxf4 52. Kb2 e2 53.
Bxe2 Nxe2 54. Ka3 g5 55. Ka2 g4 56. Ka3 g3 57. Ka2 g2 58. Ka3 g1=Q 59. Kb3 Be6+
60. Kc2 Qc1+ 61. Kd3 Bc4# 0-1

[Event "LGA Premium Cup"]
[Site "schach.lga.de"]
[Date "2004.09.12"]
[Round "4"]
[White "Nägelein, Andreas"]
[Black "Wehner, Veit"]
[Result "1/2-1/2"]
[WhiteElo "1966"]
[BlackElo "1626"]
[PlyCount "52"]
[EventDate "2004.09.12"]
[SourceDate "2004.09.25"]

1. d4 d5 2. g3 c5 3. e3 Nf6 4. Bg2 Nc6 5. dxc5 e5 6. a3 a5 7. Nc3 Be6 8. Na4
Qc7 9. Bd2 Ne4 10. Nb6 Rd8 11. b4 axb4 12. axb4 Nxd2 13. Qxd2 g6 14. Rd1 Bg7
15. Bxd5 O-O 16. c4 e4 17. f4 Bg4 18. Rc1 Ne7 19. h3 Be6 20. Rd1 Nf5 21. Kf2
Nd6 22. Qc2 Rfe8 23. Ne2 Nf5 24. Nc3 Qe7 25. Nxe4 Nd4 26. exd4 Bf5 1/2-1/2

[Event "LGA Premium Cup"]
[Site "schach.lga.de"]
[Date "2004.09.12"]
[Round "4"]
[White "Grasser, Stefan"]
[Black "Kirch, Florian"]
[Result "1/2-1/2"]
[WhiteElo "1679"]
[BlackElo "1853"]
[PlyCount "48"]
[EventDate "2004.09.12"]
[SourceDate "2004.09.25"]

1. d4 g6 2. c4 Bg7 3. Nf3 d6 4. Nc3 e5 5. dxe5 dxe5 6. Qxd8+ Kxd8 7. e4 c6 8.
Be3 Nd7 9. Rd1 Ke7 10. c5 h5 11. Bc4 f6 12. Nh4 Nf8 13. O-O Bh6 14. Bxh6 Nxh6
15. h3 g5 16. Nf3 Be6 17. Be2 Ng6 18. Rd6 Nf7 19. Rd2 Nf4 20. Rfd1 Rag8 21. Bf1
h4 22. Nh2 Nh5 23. f3 Rd8 24. b4 a6 1/2-1/2

[Event "LGA Premium Cup"]
[Site "schach.lga.de"]
[Date "2004.09.12"]
[Round "4"]
[White "Hestermann, Hans-Ludwig"]
[Black "Klein, Waldemar"]
[Result "1/2-1/2"]
[WhiteElo "1639"]
[BlackElo "2010"]
[PlyCount "91"]
[EventDate "2004.09.12"]
[SourceDate "2004.09.25"]

1. d4 d5 2. c4 e6 3. cxd5 exd5 4. Nc3 c6 5. Bf4 Bd6 6. Bxd6 Qxd6 7. a3 Nf6 8.
e3 Nbd7 9. Bd3 Nf8 10. Nge2 Ne6 11. Ng3 g6 12. O-O O-O 13. f4 Ng7 14. f5 Bd7
15. Qf3 Rae8 16. Rae1 Bc8 17. Kh1 Kh8 18. Rf2 gxf5 19. Nxf5 Nxf5 20. Bxf5 Bxf5
21. Qxf5 Ne4 22. Rf4 Qg6 23. Qxg6 hxg6 24. Nxe4 Rxe4 25. Rxe4 dxe4 26. Rc1 f5
27. g3 Rd8 28. Rc5 Kg7 29. b4 a6 30. a4 Kf6 31. h4 Rd6 32. a5 Rd7 33. Kg2 g5
34. hxg5+ Kxg5 35. Kf2 Kg4 36. Kg2 Rh7 37. Re5 Rh3 38. Re7 Rxg3+ 39. Kf2 Rf3+
40. Ke2 Rh3 41. Rg7+ Kh4 42. Rh7+ Kg3 43. Rg7+ Kh2 44. Rxb7 Rg3 45. Rh7+ Kg1
46. Rf7 1/2-1/2

[Event "LGA Premium Cup"]
[Site "schach.lga.de"]
[Date "2004.09.12"]
[Round "4"]
[White "Grimm, Pascal"]
[Black "Schmid, Dominik"]
[Result "1/2-1/2"]
[WhiteElo "1622"]
[BlackElo "1877"]
[PlyCount "63"]
[EventDate "2004.09.12"]
[SourceDate "2004.09.25"]

1. e4 c6 2. d4 d5 3. e5 Bf5 4. g4 Bg6 5. h4 h5 6. g5 e6 7. Be3 Qb6 8. Qc1 Nd7
9. c3 Ne7 10. Ne2 Be4 11. Rh2 Rc8 12. Nd2 Bd3 13. Bg2 Bxe2 14. Kxe2 Nf5 15. Rb1
c5 16. Nb3 cxd4 17. Nxd4 Qa6+ 18. Ke1 Nxe5 19. Bf1 Qa5 20. Bb5+ Kd8 21. Be2
Nxd4 22. Bxd4 Nc6 23. Qd2 e5 24. Be3 Ke8 25. a3 d4 26. cxd4 Qxd2+ 27. Kxd2 exd4
28. Bf4 Kd7 29. Bf1 Kd8 30. Bh3 Ra8 31. Rc1 Be7 32. Kd3 1/2-1/2

[Event "LGA Premium Cup"]
[Site "schach.lga.de"]
[Date "2004.09.12"]
[Round "4"]
[White "Kretschmer, Lorenz"]
[Black "Nägelein, Franz Albert"]
[Result "1-0"]
[WhiteElo "1626"]
[BlackElo "2045"]
[PlyCount "120"]
[EventDate "2004.09.12"]
[SourceDate "2004.09.25"]

1. c4 Nf6 2. Nc3 g6 3. g3 Bg7 4. Bg2 c6 5. d4 d5 6. cxd5 cxd5 7. Nf3 O-O 8. O-O
Nc6 9. Re1 Qb6 10. e3 Rd8 11. a3 Bg4 12. h3 Bf5 13. b4 Rac8 14. Bb2 Nb8 15. Na4
Qd6 16. Nc5 Rc7 17. g4 Bc8 18. Ne5 b6 19. Ncd3 Nfd7 20. f4 f6 21. Nf3 Ba6 22.
f5 Rdc8 23. Nf4 Rc2 24. Rc1 Rxb2 25. Rxc8+ Bxc8 26. Qc1 Rxg2+ 27. Kxg2 Bb7 28.
fxg6 hxg6 29. Nxg6 Kf7 30. Nfh4 Ba6 31. Nf5 Qe6 32. Nf4 Qe4+ 33. Kg3 Bc4 34.
Qb1 Qxb1 35. Rxb1 Bf8 36. Kf3 e6 37. Ng3 Bd6 38. h4 Nf8 39. Rh1 Nbd7 40. e4 Ng6
41. Nxg6 Kxg6 42. h5+ Kh6 43. Re1 Bxg3 44. Kxg3 dxe4 45. Rxe4 Kg5 46. Re1 Nf8
47. Rc1 b5 48. a4 a6 49. axb5 axb5 50. Ra1 f5 51. Ra7 f4+ 52. Kh3 Bf1+ 53. Kh2
Kxg4 54. Rf7 Kxh5 55. Rxf4 Bc4 56. Rxf8 Kg6 57. Kg3 Kg7 58. Rf4 Bd5 59. Kf2 Kg6
60. Ke3 Bc4 1-0